Επικράτεια πολιτισμού : η "Συνάντηση της Θεσσαλονίκης", 18-19 Ιανουαρίου 1997 σε συνεργασία με την ΤΕΔΚΝ Θεσσαλονίκης
Αποθηκεύτηκε σε:
| Συγγραφή απο Οργανισμό/Αρχή: | |
|---|---|
| Μορφή: | Βιβλίο |
| Γλώσσα: | Greek |
| Δημοσίευση: |
Αθήνα :
Υπουργείο Πολιτισμού,
1997
|
| Θέματα: | |
| Ετικέτες: |
Προσθήκη ετικέτας
Δεν υπάρχουν, Καταχωρήστε ετικέτα πρώτοι!
|
MARC
| LEADER | 00000cam a2200000 i 4500 | ||
|---|---|---|---|
| 001 | 1/31511 | ||
| 008 | 060626s1997 gre d | ||
| 035 | |l 10084427 | ||
| 040 | |a GR-MY-UA |b gre |e aacr | ||
| 041 | 0 | |a gre | |
| 082 | 0 | |a 306.9495 |2 (22) | |
| 110 | 2 | |a Υπουργείο Πολιτισμού. | |
| 245 | 1 | 0 | |a Επικράτεια πολιτισμού : |b η "Συνάντηση της Θεσσαλονίκης", 18-19 Ιανουαρίου 1997 σε συνεργασία με την ΤΕΔΚΝ Θεσσαλονίκης / |c Υπουργείο Πολιτισμού |
| 260 | |a Αθήνα : |b Υπουργείο Πολιτισμού, |c 1997 | ||
| 300 | |a 200 σ.; |c 24 εκ. | ||
| 500 | |a Πρακτικά | ||
| 651 | 0 | |a Greece |x Cultural policy |x Congresses. | |
| 852 | |a INST |b LESVOS |e 20060626 |h 306.09495 ΥΠΟ |p 005100036171 |q 005100036171 |t BK |y 0 | ||
| 901 | |a BIBL1-2006-2 | ||
| 909 | |a Λ |b 100844 | ||
| 970 | |a ΚΑΡΑ |b ΓΙΑΣΕΜΗ |z 2006/06/26 | ||